[Event "Chess24 Banter QualG 2020"]
[Site "chess24.com INT"]
[Date "2020.09.15"]
[Round "1.2"]
[White "Salgado Lopez, Ivan"]
[Black "Grandelius, Nils"]
[Result "1-0"]
[WhiteTitle "GM"]
[BlackTitle "GM"]
[WhiteElo "2584"]
[BlackElo "2662"]
[WhiteFideId "2257327"]
[BlackFideId "1710400"]
[EventDate "2020.09.15"]

1. e4 c6 2. d4 d5 3. e5 c5 4. dxc5 e6 5. Be3 Nd7 6. Bb5 Ne7 7. Bd4 Nf5 8. c3 a6
9. Ba4 Be7 10. Nf3 O-O 11. O-O Nxc5 12. Bc2 b5 13. Nbd2 Bb7 14. Re1 Nxd4 15.
cxd4 Nd7 16. g3 Rc8 17. h4 Nb6 18. Nf1 Na4 19. Rb1 Qc7 20. Ne3 Nb6 21. Qd3 g6
22. h5 Nc4 23. Re2 Kg7 24. Kg2 Nxe3+ 25. Qxe3 f5 26. exf6+ Rxf6 27. hxg6 hxg6
28. Rh1 Rh8 29. Rxh8 Kxh8 30. Ne5 Kg7 31. Ng4 e5 32. Qh6+ Kg8 33. Rxe5 Rf7 34.
Bxg6 Rg7 35. Bf5 Bc8 36. Nf6+ Bxf6 37. Qxf6 Bxf5 38. Re8+ Kh7 39. Qxf5+ Rg6 40.
Re6 Qg7 41. Qxg6+ Qxg6 42. Rxg6 1-0

[Event "Chess24 Banter QualG 2020"]
[Site "chess24.com INT"]
[Date "2020.09.15"]
[Round "1.3"]
[White "Grandelius, Nils"]
[Black "Salgado Lopez, Ivan"]
[Result "0-1"]
[WhiteTitle "GM"]
[BlackTitle "GM"]
[WhiteElo "2662"]
[BlackElo "2584"]
[WhiteFideId "1710400"]
[BlackFideId "2257327"]
[EventDate "2020.09.15"]

1. Nf3 d5 2. e3 Nf6 3. c4 c6 4. Qc2 g6 5. b3 Bg7 6. Bb2 O-O 7. Be2 c5 8. cxd5
Qxd5 9. Nc3 Qf5 10. Bd3 Qh5 11. Ne4 Nxe4 12. Bxe4 Bxb2 13. Qxb2 Nd7 14. O-O Nf6
15. Bd3 b6 16. Be2 Bb7 17. b4 Rac8 18. Rac1 Qd5 19. bxc5 Rxc5 20. Qa3 Ra8 21.
Rxc5 Qxc5 22. Qxc5 bxc5 23. Rc1 Rc8 24. Ne5 Bd5 25. a4 Rb8 26. Bb5 Bb3 27. f3
Rd8 28. d3 Nd5 29. Kf2 Nb6 30. a5 Nc8 31. Rxc5 Nd6 32. Nc6 Ra8 33. Ba6 Kf8 34.
Nd4 Ba4 35. Rc7 Ne8 36. Rc4 Bd7 37. e4 Rb8 38. Nc6 Rb2+ 39. Kg3 Ra2 40. Ne5 Be6
41. Rc8 Rxa5 42. Bb7 Rxe5 43. Ra8 f6 44. Bc6 Bf7 45. Rxa7 Rc5 46. Bd7 e5 47. Ba4
Rc3 48. Bb5 Nd6 49. Ba6 Ra3 50. Ra8+ Kg7 51. Bb7 Rxa8 52. Bxa8 Be8 53. Kf2 Bb5
54. Ke3 Kf7 55. d4 Nc4+ 56. Kf2 exd4 0-1

[Event "Chess24 Banter QualG 2020"]
[Site "chess24.com INT"]
[Date "2020.09.15"]
[Round "1.4"]
[White "Salgado Lopez, Ivan"]
[Black "Grandelius, Nils"]
[Result "0-1"]
[WhiteTitle "GM"]
[BlackTitle "GM"]
[WhiteElo "2584"]
[BlackElo "2662"]
[WhiteFideId "2257327"]
[BlackFideId "1710400"]
[EventDate "2020.09.15"]

1. e4 c5 2. Nf3 d6 3. d4 cxd4 4. Nxd4 Nf6 5. Nc3 a6 6. f3 e6 7. g4 b5 8. g5 Nfd7
9. a3 Bb7 10. h4 Nb6 11. Qe2 N8d7 12. Bd2 Nc4 13. O-O-O Nxd2 14. Qxd2 Qb6 15. f4
Nc5 16. f5 e5 17. Nb3 Nxe4 18. Nxe4 Bxe4 19. Bg2 Bxg2 20. Qxg2 Rc8 21. Kb1 Qc6
22. Qd2 Be7 23. h5 h6 24. g6 O-O 25. Rhg1 fxg6 26. Rxg6 Bg5 27. Qf2 Rcd8 28. Nc1
Qe4 29. Rf1 Rd7 30. Ne2 Rdf7 31. Nc3 Qxf5 32. Qxf5 Rxf5 33. Rxf5 Rxf5 34. Rxd6
Rf6 35. Rd7 g6 36. Nd5 Rf1+ 37. Ka2 gxh5 38. Nc3 h4 39. Rd3 Rh1 40. Ne4 Bf4 41.
Rd7 Kf8 42. Nf6 Bg5 43. Ng4 e4 44. Ne5 e3 45. Ng6+ Ke8 46. Rd4 e2 47. Re4+ Kf7
48. Ne5+ Kf6 49. Rxe2 Kf5 50. Nf3 h3 51. a4 bxa4 52. c4 Kf4 53. Nd4 h2 54. Nc2
Ra1+ 55. Nxa1 h1=Q 0-1

[Event "Chess24 Banter QualG 2020"]
[Site "chess24.com INT"]
[Date "2020.09.15"]
[Round "1.5"]
[White "Grandelius, Nils"]
[Black "Salgado Lopez, Ivan"]
[Result "1-0"]
[WhiteTitle "GM"]
[BlackTitle "GM"]
[WhiteElo "2662"]
[BlackElo "2584"]
[WhiteFideId "1710400"]
[BlackFideId "2257327"]
[EventDate "2020.09.15"]

1. Nf3 d5 2. e3 Nf6 3. c4 c6 4. Qc2 g6 5. b3 Bg7 6. Bb2 O-O 7. Be2 c5 8. cxd5
Qxd5 9. Nc3 Qf5 10. Bd3 Qd7 11. Ne4 Nxe4 12. Bxe4 Bxb2 13. Qxb2 Qg4 14. Qe5 Nd7
15. Qxe7 Qxg2 16. Rg1 Qh3 17. O-O-O Qh6 18. h4 Qg7 19. Kb1 a5 20. h5 a4 21. hxg6
hxg6 22. Bxg6 fxg6 23. Qe6+ Rf7 24. Rxg6 Ra6 25. Qe8+ Rf8 26. Rxg7+ Kxg7 27.
Rg1+ Kh6 28. Qe7 Rxf3 29. Qh4# 1-0

[Event "Chess24 Banter QualG 2020"]
[Site "chess24.com INT"]
[Date "2020.09.15"]
[Round "1.6"]
[White "Salgado Lopez, Ivan"]
[Black "Grandelius, Nils"]
[Result "1-0"]
[WhiteTitle "GM"]
[BlackTitle "GM"]
[WhiteElo "2584"]
[BlackElo "2662"]
[WhiteFideId "2257327"]
[BlackFideId "1710400"]
[EventDate "2020.09.15"]

1. e4 c5 2. Nf3 d6 3. d4 cxd4 4. Nxd4 Nf6 5. Nc3 a6 6. f3 e6 7. g4 h6 8. h4 b5
9. a3 Nbd7 10. Rg1 g6 11. g5 hxg5 12. hxg5 Nh5 13. Be3 Bb7 14. Be2 Rc8 15. Qd2
Ne5 16. O-O-O Nc4 17. Bxc4 Rxc4 18. Kb1 Qc7 19. Nde2 Ng7 20. Bf4 e5 21. Be3 Ne6
22. Rh1 Rxh1 23. Rxh1 Qa5 24. Rh8 Qd8 25. Nd5 Bxd5 26. Qxd5 Qc7 27. Qd2 Kd7 28.
Nc3 Rxc3 29. Qxc3 Qxc3 30. bxc3 Be7 31. Ra8 Bxg5 32. Ra7+ Kc6 33. Rxa6+ Kb7 34.
Ra7+ Kb8 35. Bg1 f5 36. Rf7 fxe4 37. fxe4 Bf4 38. Rf6 Ng5 39. Rxd6 Nxe4 40. Rxg6
Nxc3+ 41. Kb2 Nd5 42. Bf2 Kc7 43. Bg3 Bxg3 44. Rxg3 Kd6 45. Kc1 Nb6 46. Rb3 Kc5
47. Kd2 Nc4+ 48. Kd3 Kc6 49. a4 Nd6 50. axb5+ Nxb5 51. Ke4 Kc5 52. Kxe5 Kc4 53.
Rxb5 Kxb5 54. Kd5 1-0

[Event "Chess24 Banter QualG 2020"]
[Site "chess24.com INT"]
[Date "2020.09.15"]
[Round "1.7"]
[White "Grandelius, Nils"]
[Black "Salgado Lopez, Ivan"]
[Result "1/2-1/2"]
[WhiteTitle "GM"]
[BlackTitle "GM"]
[WhiteElo "2662"]
[BlackElo "2584"]
[WhiteFideId "1710400"]
[BlackFideId "2257327"]
[EventDate "2020.09.15"]

1. Nf3 d5 2. e3 Nf6 3. c4 c6 4. Qc2 g6 5. b3 Bg7 6. Bb2 O-O 7. Be2 c5 8. cxd5
Qxd5 9. Nc3 Qf5 10. Bd3 Qd7 11. Ne4 b6 12. Nxf6+ Bxf6 13. Bxf6 exf6 14. Be4 Bb7
15. Bxb7 Qxb7 16. O-O Nc6 17. Qc3 Kg7 18. Rfd1 Rac8 19. h3 Rfd8 20. d3 Qe7 21.
Rd2 Ne5 22. Ne1 h5 23. Rad1 Nc6 24. Nf3 Ne5 25. Ne1 Nc6 26. Nf3 Ne5 27. Ne1 1/2-1/2

[Event "Chess24 Banter QualG 2020"]
[Site "chess24.com INT"]
[Date "2020.09.15"]
[Round "1.8"]
[White "Salgado Lopez, Ivan"]
[Black "Grandelius, Nils"]
[Result "0-1"]
[WhiteTitle "GM"]
[BlackTitle "GM"]
[WhiteElo "2584"]
[BlackElo "2662"]
[WhiteFideId "2257327"]
[BlackFideId "1710400"]
[EventDate "2020.09.15"]

1. e4 c5 2. Nf3 d6 3. d4 cxd4 4. Nxd4 Nf6 5. Nc3 a6 6. f3 e5 7. Nb3 Be6 8. Be3
Nc6 9. Nd5 Bxd5 10. exd5 Ne7 11. c4 g6 12. Bd3 b5 13. cxb5 Nexd5 14. Bd2 Bg7 15.
bxa6 O-O 16. O-O Qb6+ 17. Kh1 Nf4 18. Bxf4 exf4 19. Qd2 Nd5 20. Be4 Ne3 21. Bxa8
Nxf1 22. Rxf1 Rxa8 23. Rd1 Rxa6 24. Qxf4 Rxa2 25. Nd2 Rxb2 26. Ne4 Be5 27. Qg5
Rb1 28. Qd2 Qb3 29. Rg1 Rxg1+ 30. Kxg1 Qb1+ 31. Kf2 Bxh2 32. Nf6+ Kg7 33. Ng4
Qg1+ 34. Ke2 Qxg2+ 35. Kd3 Qxf3+ 36. Ne3 Bf4 0-1

[Event "Chess24 Banter QualG 2020"]
[Site "chess24.com INT"]
[Date "2020.09.16"]
[Round "2.1"]
[White "Sjugirov, Sanan"]
[Black "Gozzoli, Yannick"]
[Result "1-0"]
[WhiteTitle "GM"]
[BlackTitle "GM"]
[WhiteElo "2675"]
[BlackElo "2600"]
[WhiteFideId "4189302"]
[BlackFideId "616915"]
[EventDate "2020.09.15"]

1. e4 e5 2. Nf3 Nc6 3. Bb5 a6 4. Ba4 Nf6 5. O-O Be7 6. Re1 b5 7. Bb3 d6 8. c3
O-O 9. h3 Bb7 10. d3 Nb8 11. Nbd2 Nbd7 12. Nf1 Nc5 13. Bc2 Re8 14. Ng3 Bf8 15.
Be3 Ncd7 16. Nh2 d5 17. Ng4 dxe4 18. dxe4 Qc8 19. Qf3 Nxg4 20. hxg4 g6 21. Bb3
Re7 22. Bg5 Qe8 23. Rad1 Nc5 24. Bxe7 Qxe7 25. Bd5 c6 26. Bb3 a5 27. Bc2 Bh6 28.
a3 a4 29. Bb1 Rf8 30. Ba2 Bc8 31. Nf1 Ne6 32. g3 Ng5 33. Qe2 Qf6 34. Kg2 Ne6 35.
Nh2 Qe7 36. Qd3 Rd8 37. Qe2 Rf8 38. Nf3 Nc5 39. Rh1 Bg7 40. g5 Ne6 41. Qe3 Re8
42. Rh4 Nf8 43. Rd2 Be6 44. Bxe6 Nxe6 45. Rd1 Rd8 46. Rhh1 Rc8 47. Rd2 Nc5 48.
Rhd1 Bf8 49. Rd6 Qxd6 50. Rxd6 Bxd6 51. Nh2 Kg7 52. Ng4 Rd8 53. Nxe5 Re8 54.
Nxc6 Rxe4 55. Qf3 Re6 56. Nd4 1-0

[Event "Chess24 Banter QualG 2020"]
[Site "chess24.com INT"]
[Date "2020.09.16"]
[Round "2.2"]
[White "Gozzoli, Yannick"]
[Black "Sjugirov, Sanan"]
[Result "0-1"]
[WhiteTitle "GM"]
[BlackTitle "GM"]
[WhiteElo "2600"]
[BlackElo "2675"]
[WhiteFideId "616915"]
[BlackFideId "4189302"]
[EventDate "2020.09.15"]

1. d4 Nf6 2. c4 e6 3. Nf3 d5 4. Nc3 Nbd7 5. cxd5 exd5 6. Bg5 c6 7. e3 Be7 8. Bd3
h6 9. Bf4 O-O 10. Qc2 Re8 11. O-O-O Nf8 12. h3 Bd6 13. Bxd6 Qxd6 14. g4 Ne6 15.
Rhg1 Qe7 16. Ne5 Nd7 17. f4 Nxe5 18. dxe5 d4 19. exd4 Nxf4 20. Qh2 Nxd3+ 21.
Rxd3 Qh4 22. Ne4 Be6 23. Kb1 Red8 24. Nd6 Rd7 25. Nf5 Qd8 26. Qf4 Qg5 27. Qf2
Qd8 28. h4 Qa5 29. a3 Qd5 30. g5 Qa2+ 31. Kc2 Qc4+ 32. Rc3 Qa4+ 33. Kb1 h5 34.
Nh6+ Kf8 35. g6 Qxd4 36. Qxd4 Rxd4 37. Nxf7 Ke7 38. Ng5 Rxh4 39. Rf3 Rg4 40.
Nxe6 Kxe6 41. Rd1 Kxe5 42. Rd7 Rxg6 43. Rxg7 Rxg7 0-1

[Event "Chess24 Banter QualG 2020"]
[Site "chess24.com INT"]
[Date "2020.09.16"]
[Round "2.3"]
[White "Sjugirov, Sanan"]
[Black "Gozzoli, Yannick"]
[Result "0-1"]
[WhiteTitle "GM"]
[BlackTitle "GM"]
[WhiteElo "2675"]
[BlackElo "2600"]
[WhiteFideId "4189302"]
[BlackFideId "616915"]
[EventDate "2020.09.15"]

1. e4 e5 2. Nf3 Nc6 3. Bb5 a6 4. Ba4 Nf6 5. O-O Be7 6. Re1 b5 7. Bb3 d6 8. c3
O-O 9. h3 Re8 10. a4 Bb7 11. d3 h6 12. Nbd2 Bf8 13. Nh2 Na5 14. Ba2 c5 15. Ng4
Nxg4 16. hxg4 d5 17. Nf1 dxe4 18. dxe4 Qxd1 19. Rxd1 Bxe4 20. axb5 axb5 21. Bd5
Bxd5 22. Rxd5 Nb3 23. Rxa8 Rxa8 24. Be3 f6 25. Nd2 Ra1+ 26. Kh2 Rd1 27. Kg3 Kf7
28. Rd8 Be7 29. Rd7 c4 30. Kf3 Ke6 31. Rb7 Rxd2 32. Bxd2 Nxd2+ 33. Ke3 Nb3 34.
Rxb5 Nc5 35. Rb4 Kd5 36. Rb5 g6 37. f3 f5 38. gxf5 gxf5 39. Ke2 Bg5 40. Rb8 e4
41. Rb5 Bc1 42. Rb6 Nd3 43. Rb5+ Ke6 44. Rb6+ Ke5 45. fxe4 fxe4 46. g3 Bxb2 47.
Rb5+ Ke6 48. Rb6+ Kf5 49. Rc6 Ne5 50. Rxh6 Bxc3 51. Rh5+ Ke6 52. Rh4 Kd5 53. Rh8
Nc6 54. Re8 Be5 55. g4 c3 56. g5 Bf4 57. g6 Nd4+ 58. Kf2 e3+ 59. Kg2 Bh6 60. Rh8
c2 61. Rxh6 c1=Q 62. g7 Qc2+ 0-1

[Event "Chess24 Banter QualG 2020"]
[Site "chess24.com INT"]
[Date "2020.09.16"]
[Round "2.4"]
[White "Gozzoli, Yannick"]
[Black "Sjugirov, Sanan"]
[Result "1/2-1/2"]
[WhiteTitle "GM"]
[BlackTitle "GM"]
[WhiteElo "2600"]
[BlackElo "2675"]
[WhiteFideId "616915"]
[BlackFideId "4189302"]
[EventDate "2020.09.15"]

1. d4 Nf6 2. c4 e6 3. Nf3 d5 4. Nc3 Nbd7 5. cxd5 exd5 6. Bg5 c6 7. e3 h6 8. Bh4
Be7 9. Qc2 O-O 10. Bd3 Re8 11. Bg3 Nh5 12. O-O-O Nxg3 13. hxg3 Nf6 14. Ne5 Bd6
15. f4 Be6 16. Qe2 c5 17. Bb5 Re7 18. Kb1 a6 19. Bd3 Re8 20. Rh4 c4 21. Bc2 b5
22. g4 b4 23. Na4 b3 24. axb3 cxb3 25. Bxb3 Ne4 26. Rdh1 Ng3 27. Qd3 Nxh1 28.
Rxh1 Bxe5 29. fxe5 Bxg4 30. Bc2 g6 31. Rxh6 Bf5 32. Qd2 Bxc2+ 33. Qxc2 Kg7 34.
Rh3 Qa5 35. Nc5 Rh8 36. Qf2 Rxh3 37. Qf6+ Kg8 38. gxh3 Qe1+ 39. Ka2 Qa5+ 40. Kb1
Qe1+ 41. Ka2 Qa5+ 42. Kb1 1/2-1/2

[Event "Chess24 Banter QualG 2020"]
[Site "chess24.com INT"]
[Date "2020.09.16"]
[Round "2.5"]
[White "Sjugirov, Sanan"]
[Black "Gozzoli, Yannick"]
[Result "1/2-1/2"]
[WhiteTitle "GM"]
[BlackTitle "GM"]
[WhiteElo "2675"]
[BlackElo "2600"]
[WhiteFideId "4189302"]
[BlackFideId "616915"]
[EventDate "2020.09.15"]

1. e4 e5 2. Nf3 Nc6 3. Bb5 a6 4. Ba4 Nf6 5. O-O Be7 6. Re1 b5 7. Bb3 d6 8. c3
O-O 9. h3 Bb7 10. a4 Na5 11. Bc2 c5 12. d3 Re8 13. Nbd2 Bf8 14. Nf1 h6 15. Ng3
d5 16. exd5 Qxd5 17. axb5 axb5 18. Qe2 Nb3 19. Rxa8 Nxc1 20. Rxc1 Bxa8 21. Ne4
Qe6 22. Nxf6+ Qxf6 23. Ra1 Bd5 24. Nd2 Qg6 25. Qg4 Qxg4 26. hxg4 Ra8 27. Rxa8
Bxa8 28. Bd1 Bd5 29. c4 Bc6 30. Bf3 Bd7 31. cxb5 Bxb5 32. Nc4 Bxc4 33. dxc4 1/2-1/2

[Event "Chess24 Banter QualG 2020"]
[Site "chess24.com INT"]
[Date "2020.09.16"]
[Round "2.6"]
[White "Gozzoli, Yannick"]
[Black "Sjugirov, Sanan"]
[Result "1/2-1/2"]
[WhiteTitle "GM"]
[BlackTitle "GM"]
[WhiteElo "2600"]
[BlackElo "2675"]
[WhiteFideId "616915"]
[BlackFideId "4189302"]
[EventDate "2020.09.15"]

1. d4 Nf6 2. c4 e6 3. Nf3 d5 4. Nc3 Nbd7 5. cxd5 exd5 6. Bg5 c6 7. e3 h6 8. Bf4
g5 9. Bg3 Nh5 10. Be5 Nhf6 11. Bd3 Nxe5 12. Nxe5 Be6 13. O-O Bd6 14. f4 Qe7 15.
Rc1 Rg8 16. Qf3 Bxe5 17. dxe5 Nd7 18. Ne2 gxf4 19. exf4 Nc5 20. Nd4 Nxd3 21.
Qxd3 Bd7 22. Qe3 Qh4 23. Rf3 Kf8 24. b4 Re8 25. Rcf1 Qe7 26. a3 a5 27. Re1 axb4
28. axb4 b6 29. f5 Qg5 30. Qf2 c5 31. Rg3 Qh5 32. Rxg8+ Kxg8 33. e6 Bc8 34. bxc5
bxc5 35. Nc6 fxe6 36. f6 e5 37. Qxc5 Kf7 38. Qxd5+ Be6 39. Nxe5+ Kxf6 40. Qd6
Qh4 41. Rf1+ Kg7 42. Nf3 Qe7 43. Qd4+ Kg8 44. Qf4 Qg7 45. Nd4 Bd5 46. Qf2 Be4
47. Nf5 Bxf5 48. Qxf5 Qd4+ 49. Kh1 Qg7 50. h3 Re7 51. Rf4 Re1+ 52. Kh2 Qe5 53.
Qg4+ Kh7 54. Qg3 Qc7 55. h4 Re7 56. Kh3 Qd7+ 57. Kh2 Qc7 58. h5 Rg7 59. Qf3 Rf7
60. Qe4+ Kh8 61. Qe8+ Kg7 62. Qxf7+ Qxf7 63. Rxf7+ Kxf7 64. Kg3 Ke6 65. Kf4 Kf6
66. g3 Ke6 67. Ke4 Kf6 68. Kf4 Ke6 69. g4 Kf6 70. Kf3 Ke6 71. Kg3 Kf6 72. Kh4
Ke6 73. g5 hxg5+ 74. Kxg5 Kf7 75. Kh6 Kg8 76. Kg6 Kh8 77. h6 Kg8 78. h7+ Kh8 79.
Kh6 1/2-1/2

[Event "Chess24 Banter QualG 2020"]
[Site "chess24.com INT"]
[Date "2020.09.16"]
[Round "2.7"]
[White "Sjugirov, Sanan"]
[Black "Gozzoli, Yannick"]
[Result "1-0"]
[WhiteTitle "GM"]
[BlackTitle "GM"]
[WhiteElo "2675"]
[BlackElo "2600"]
[WhiteFideId "4189302"]
[BlackFideId "616915"]
[EventDate "2020.09.15"]

1. e4 e5 2. Nf3 Nc6 3. Bb5 a6 4. Ba4 Nf6 5. O-O Be7 6. Re1 b5 7. Bb3 d6 8. c3
O-O 9. h3 Bb7 10. d3 Na5 11. Bc2 c5 12. Nbd2 Re8 13. Nf1 Bf8 14. Bg5 h6 15. Bh4
Be7 16. Ne3 Nh7 17. Bxe7 Qxe7 18. d4 Nf6 19. d5 Bc8 20. b4 Nb7 21. a4 Bd7 22.
Qd2 Rec8 23. Rec1 Qd8 24. a5 Qe7 25. Bd3 c4 26. Bc2 Nd8 27. Rf1 Nh5 28. Kh2 Nf4
29. Nf5 Bxf5 30. exf5 Nh5 31. Be4 Nf6 32. Qe3 Qa7 33. Qe2 Rc7 34. g4 Re7 35.
Rae1 Ne8 36. Rg1 f6 37. h4 Nf7 38. Rg3 Kf8 39. Reg1 Rd7 40. Kg2 Ke7 41. Kf1 Kd8
42. Ke1 Qc7 43. Kd2 Kc8 44. Kc2 Kb7 45. Qe3 Re7 46. Rh1 Rd8 47. Ne1 Kb8 48. Ng2
Qa7 49. Qe2 Kc7 50. Re3 Rdd7 51. Re1 Kd8 52. Qd2 Rc7 53. Rg3 Rcd7 54. f4 Kc8 55.
g5 hxg5 56. hxg5 exf4 57. Nxf4 Nxg5 58. Ne6 Nc7 59. Bg2 Kb7 60. Rh1 Re8 61. Rg4
Rde7 62. Rgh4 Qa8 63. Qf2 Qa7 64. Qd2 Qa8 65. Kd1 Qa7 66. Kc1 Nf7 67. Kc2 Ne5
68. Be4 Kc8 69. Rh8 Kb7 70. R8h7 Rg8 71. Qe2 Ne8 72. Rh8 Rxh8 73. Rxh8 Qg1 74.
Rh1 Qg3 75. Qd2 Kb8 76. Qd4 Rb7 77. Nd8 Nd7 78. Nc6+ Kc7 79. Rg1 Qh4 80. Rg2 Qf4
81. Rd2 Qg4 82. Qe3 Qg5 83. Qf2 Ne5 84. Nd4 Qg4 85. Ne6+ Kd7 86. Qg2 Qxg2 87.
Rxg2 Ke7 88. Rh2 Kf7 89. Nd8+ Ke7 90. Nxb7 1-0

[Event "Chess24 Banter QualG 2020"]
[Site "chess24.com INT"]
[Date "2020.09.16"]
[Round "2.1"]
[White "Jones, Gawain C B"]
[Black "Grandelius, Nils"]
[Result "1/2-1/2"]
[WhiteTitle "GM"]
[BlackTitle "GM"]
[WhiteElo "2670"]
[BlackElo "2662"]
[WhiteFideId "409561"]
[BlackFideId "1710400"]
[EventDate "2020.09.15"]

1. e4 c5 2. d3 Nc6 3. Be2 d5 4. f4 dxe4 5. dxe4 Qxd1+ 6. Bxd1 e5 7. fxe5 Nxe5 8.
Nf3 Bd6 9. Nc3 Ne7 10. O-O O-O 11. Nd5 N7g6 12. b3 Nxf3+ 13. Bxf3 Be5 14. c3 Be6
15. Be3 b6 16. Rac1 Rad8 17. Rfd1 Rfe8 18. Bf2 f6 19. a4 Rd6 20. b4 cxb4 21.
cxb4 Red8 22. a5 bxa5 23. bxa5 R6d7 24. Rc6 Bf7 25. Ra6 Bb8 26. Rb1 Ne5 27. Bd1
Bg6 28. Bb3 Kh8 29. Re1 Nd3 30. Re2 Nxf2 31. Kxf2 Be5 32. Kf3 Rb8 33. Re3 h5 34.
Rc6 Be8 35. Rc2 Rdb7 36. Bc4 Rb1 37. g3 R1b2 38. Rxb2 Rxb2 39. Re2 Rxe2 40. Bxe2
Bc6 41. Ke3 g6 42. Bc4 Kg7 43. Ne7 Bd7 44. Bd5 Bc7 45. a6 h4 46. gxh4 Bxh2 47.
Nc6 Bg1+ 48. Kf3 Bb6 49. e5 Bxc6 50. exf6+ Kxf6 51. Bxc6 Bc7 52. Be4 Bb6 53. Kg4
Bc7 54. h5 gxh5+ 55. Kxh5 Bb6 56. Kg4 1/2-1/2

[Event "Chess24 Banter QualG 2020"]
[Site "chess24.com INT"]
[Date "2020.09.16"]
[Round "2.2"]
[White "Grandelius, Nils"]
[Black "Jones, Gawain C B"]
[Result "1-0"]
[WhiteTitle "GM"]
[BlackTitle "GM"]
[WhiteElo "2662"]
[BlackElo "2670"]
[WhiteFideId "1710400"]
[BlackFideId "409561"]
[EventDate "2020.09.15"]

1. d4 Nf6 2. Nf3 g6 3. Nbd2 Bg7 4. e4 O-O 5. Bd3 d6 6. O-O Nc6 7. c3 e5 8. Re1
Nh5 9. Nb3 Bg4 10. Be3 d5 11. h3 Bxf3 12. Qxf3 f5 13. exd5 e4 14. Qd1 Qxd5 15.
Bc2 f4 16. Bc1 e3 17. Nc5 exf2+ 18. Kxf2 Qg5 19. Qg4 Qxg4 20. hxg4 Nf6 21. Kf3
g5 22. Ne6 Rfe8 23. Bd2 h6 24. Nxc7 Rxe1 25. Rxe1 Rc8 26. Bb3+ Kh8 27. Ne6 b6
28. Rh1 Nh7 29. g3 fxg3 30. Kxg3 Na5 31. Rf1 Nxb3 32. axb3 Kg8 33. c4 Nf6 34.
Re1 b5 35. Nxg7 Kxg7 36. Re7+ Kg6 37. c5 a6 38. Bc3 Nd5 39. Re6+ Kf7 40. Rxh6 b4
41. Bd2 Nf6 42. Bxg5 Ne4+ 43. Kf4 Nf2 44. Rf6+ Kg7 45. Kf3 Nd3 46. Rxa6 Nxb2 47.
Rb6 Nd3 48. Ke4 Nf2+ 49. Kf5 Rf8+ 50. Bf6+ Kh6 51. g5+ Kh5 52. d5 Ng4 53. c6
Ne3+ 54. Ke6 Kg6 55. c7 Ng2 56. d6 Nf4+ 57. Kd7 Rf7+ 58. Be7 Nd5 59. Rb5 1-0

[Event "Chess24 Banter QualG 2020"]
[Site "chess24.com INT"]
[Date "2020.09.16"]
[Round "2.3"]
[White "Jones, Gawain C B"]
[Black "Grandelius, Nils"]
[Result "1-0"]
[WhiteTitle "GM"]
[BlackTitle "GM"]
[WhiteElo "2670"]
[BlackElo "2662"]
[WhiteFideId "409561"]
[BlackFideId "1710400"]
[EventDate "2020.09.15"]

1. e4 c5 2. Be2 Nc6 3. f4 d5 4. d3 dxe4 5. dxe4 Qxd1+ 6. Bxd1 e5 7. Nf3 Bd6 8.
g3 Nf6 9. Nc3 Bg4 10. f5 Nd4 11. Nxd4 exd4 12. Nd5 Bxd1 13. Nxf6+ gxf6 14. Kxd1
Kd7 15. c3 Rae8 16. Re1 h5 17. cxd4 cxd4 18. Bf4 h4 19. Rc1 hxg3 20. Bxg3 Bxg3
21. hxg3 Rhg8 22. Rc4 Rxg3 23. Rxd4+ Kc7 24. Kd2 Rg2+ 25. Re2 Rxe2+ 26. Kxe2 Rh8
27. Kd3 Rh2 28. Kc3 Re2 29. a4 a5 30. b3 Kc6 31. Rd5 b6 32. Kd3 Rb2 33. Rb5 Rb1
34. Ke2 Rc1 35. Rd5 Rb1 36. Rd3 Kc5 37. Rd5+ Kc6 38. Rd3 Kc5 39. Kd2 Kb4 40. Kc2
Re1 41. Rd6 Rxe4 42. Rxb6+ Ka3 43. Rb5 Re5 44. Kc3 Re3+ 45. Kc4 Re4+ 46. Kd3 Rf4
47. Kc3 Rf3+ 48. Kc4 Rf4+ 49. Kc3 Rf3+ 50. Kc4 Rf4+ 51. Kc5 Rxf5+ 52. Kb6 Rf1
53. Kxa5 f5 54. b4 f4 55. Rf5 f3 56. b5 Kb3 57. b6 Kc4 58. b7 Rb1 59. Ka6 Kd4
60. Rxf3 Kc5 61. Rxf7 Rb4 62. a5 1-0

[Event "Chess24 Banter QualG 2020"]
[Site "chess24.com INT"]
[Date "2020.09.16"]
[Round "2.4"]
[White "Grandelius, Nils"]
[Black "Jones, Gawain C B"]
[Result "0-1"]
[WhiteTitle "GM"]
[BlackTitle "GM"]
[WhiteElo "2662"]
[BlackElo "2670"]
[WhiteFideId "1710400"]
[BlackFideId "409561"]
[EventDate "2020.09.15"]

1. d4 Nf6 2. Nf3 g6 3. Nbd2 Bg7 4. e4 O-O 5. Bd3 d6 6. O-O Nbd7 7. Re1 e5 8.
dxe5 Nxe5 9. Nxe5 dxe5 10. Nc4 Nh5 11. a4 Be6 12. a5 Nf4 13. Bf1 Qe7 14. Qf3
Rfd8 15. c3 b5 16. axb6 axb6 17. Rxa8 Rxa8 18. Bxf4 exf4 19. Qxf4 Ra4 20. b3 Ra2
21. e5 h5 22. h4 b5 23. Ne3 Bxb3 24. Bxb5 Qxe5 25. Qxe5 Bxe5 26. Nd5 Bd6 27.
Nf6+ Kf8 28. g3 Be6 29. Ne4 Be7 30. Ng5 Bxg5 31. hxg5 Rc2 32. Re3 Rc1+ 33. Kg2
Bd5+ 34. f3 Rc2+ 35. Kg1 Be6 36. Be2 Ra2 37. Kf1 Ra4 38. f4 h4 39. Kf2 h3 40.
Bf3 Ra2+ 41. Re2 Ra3 42. Rc2 Bf5 43. Rc1 Ra2+ 44. Kg1 Ke7 45. Re1+ Kd6 46. Re5
Be6 0-1

[Event "Chess24 Banter QualG 2020"]
[Site "chess24.com INT"]
[Date "2020.09.16"]
[Round "2.5"]
[White "Jones, Gawain C B"]
[Black "Grandelius, Nils"]
[Result "1/2-1/2"]
[WhiteTitle "GM"]
[BlackTitle "GM"]
[WhiteElo "2670"]
[BlackElo "2662"]
[WhiteFideId "409561"]
[BlackFideId "1710400"]
[EventDate "2020.09.15"]

1. e4 c5 2. Nc3 e6 3. Nf3 a6 4. g3 d6 5. Bg2 Nc6 6. O-O Be7 7. Re1 Nf6 8. e5
dxe5 9. Nxe5 Nxe5 10. Rxe5 O-O 11. d3 Qc7 12. Re1 Bd7 13. Bf4 Qc8 14. a4 Bc6 15.
a5 Rd8 16. Be5 Nd7 17. Bf4 Nf6 18. Qe2 Bxg2 19. Kxg2 Nd5 20. Be5 Qc6 21. Nxd5
Rxd5 22. Kg1 Rad8 23. b3 Rxe5 24. Qxe5 Bf6 25. Qf4 Bxa1 26. Rxa1 f6 27. h4 h5
28. Re1 Rd4 29. Qb8+ Kf7 30. Re3 Rd7 31. Qh8 Qd5 32. Qc8 Rd8 33. Qc7+ Rd7 34.
Qc8 Rd8 35. Qc7+ Rd7 36. Qc8 1/2-1/2

[Event "Chess24 Banter QualG 2020"]
[Site "chess24.com INT"]
[Date "2020.09.16"]
[Round "2.6"]
[White "Grandelius, Nils"]
[Black "Jones, Gawain C B"]
[Result "0-1"]
[WhiteTitle "GM"]
[BlackTitle "GM"]
[WhiteElo "2662"]
[BlackElo "2670"]
[WhiteFideId "1710400"]
[BlackFideId "409561"]
[EventDate "2020.09.15"]

1. d4 Nf6 2. Nf3 g6 3. Nbd2 Bg7 4. e4 O-O 5. Bd3 d6 6. O-O Nbd7 7. Re1 e5 8. c3
a5 9. Nf1 c6 10. Ng3 Re8 11. Bg5 h6 12. Bd2 Qc7 13. Qc2 Nf8 14. h3 Ne6 15. Rad1
a4 16. Qc1 Kh7 17. Be3 b6 18. Nh2 Ba6 19. Bc2 Bc4 20. Bb1 c5 21. d5 Nf4 22. Bxf4
exf4 23. Qxf4 b5 24. Nf3 Kg8 25. Nd2 Qe7 26. b3 axb3 27. axb3 Nxd5 28. exd5
Qxe1+ 29. Rxe1 Rxe1+ 30. Kh2 Bxd5 31. Be4 Be5 32. Qf3 Raa1 33. Bxd5 Rh1# 0-1